ბათუმის შოთა რუსთაველის სახელმწიფო უნივერსიტეტის ბიბლიოთეკა

ხელნაწერთა ეროვნული კვლევის სპეციფიკა მუზეუმებში : (ბიბ.ჩანაწერი № 51427)

000 -ლიდერი
ფიქსირებული სიგრძის საკონტროლო ველი 01441nam a2200241Ia 4500
001 - საკონტროლო ნომერი
საკონტროლო ველი 18413
003 - საკონტროლო ნომრის იდენტიფიკატორი
საკონტროლო ველი GE_BSU
005 - ბოლო ოპერაციის თარიღი და დრო
საკონტროლო ველი 20250428103519.0
008 - ფიქსირებული სიგრძის მონაცემთა ელემენტები - ზოგადი ინფორმაცია
ფიქსირებული სიგრძის საკონტროლო ველი 181216s2015||||ge |||||||||||||| ||geo||
040 ## - კატალოგიზაციის წყარო
Transcribing agency GE_BSU
041 ## - ენის კოდი
Language code of text/sound track or separate title geo
080 ## - უნივერსალური ათობითი კლასიფიკაციის ინდექსი
Universal Decimal Classification number 091(=353.1) ტ-88
100 ## - მთავარი ჩანაწერი - პიროვნების სახელი
Personal name ტუღუში, ზოია
9 (RLIN) 24954
245 ## - ცნობა სათაურის შესახებ
Title ხელნაწერთა ეროვნული კვლევის სპეციფიკა მუზეუმებში :
Remainder of title (ეგნატე ნინოშვილის მუზეუმის გამოცდილებიდან) /
Statement of responsibility, etc ზოია ტუღუში; რედაქტორი ნონა გიგინეიშვილი; წინათქმა ალ. ღლონტი.
264 ## - წარმოების, გამოცემის, დისტრიბუციის და სხვა ცნობები
გამოცემის, წარმოების, დისტრიბუციის... ადგილი ლანჩხუთი :
გამოცემის, წარმოების, დისტრიბუციის... სახელწოდება შპს "ჰო და არას" სტ,
გამოცემის, წარმოების, დისტრიბუციის... თარიღი 2015.
300 ## - ფიზიკური აღწერა
Extent 54 გვ.;
Other physical details 20 სმ.
653 ## - INDEX TERM--UNCONTROLLED
Uncontrolled term მემორიალური სახლ–მუზეუმები
653 ## - INDEX TERM--UNCONTROLLED
Uncontrolled term სამუზეუმო მასალების შეგროვება
653 ## - INDEX TERM--UNCONTROLLED
Uncontrolled term ქართული ენა -- გურული დიალექტი
700 ## - ADDED ENTRY--PERSONAL NAME
Personal name გიგინეიშვილი, ნონა
Relator term რედაქტორი
9 (RLIN) 24955
700 ## - ADDED ENTRY--PERSONAL NAME
Personal name ღლონტი, ალექსანდრე
Relator term წინასიტყვაობის ავტორი
9 (RLIN) 7842
942 ## - ADDED ENTRY ELEMENTS (KOHA)
Koha item type წიგნი
Source of classification or shelving scheme
ეგზემპლარები
ჩამოწერის სტატუსი დაკარგული ეგზემპლარის სტატუსი კლასიფიკაციის წყარო ან თაროზე გაწყობის სქემა დაზიანების სტატუსი არ გაიცემა მუდმივი მდებარეობა (დაცვის ადგილი) ამჟამინდელი ადგილსამყოფელი თაროზე განთავსების ადგილი შეძენის თარიღი სრული შენახვის შიფრი შტრიხკოდი ბოლო ოპერაციის თარიღი ეგზემპლარის მიმდევრობითი ნომერი (კეტერი?) ფასის ძალაში შესვლის თარიღი ეგზემპლარის სახეობა
          ბათუმის შოთა რუსთაველის სახელმწიფო უნივერსიტეტის მთავარი ბიბლიოთეკა ბათუმის შოთა რუსთაველის სახელმწიფო უნივერსიტეტის მთავარი ბიბლიოთეკა წიგნსაცავი 2018-12-17 091(=353.1) ტ-88 47242 2018-12-17 47242 2018-12-17 წიგნი